000 00315nam a22001337a 4500
008 170922b xxu||||| |||| 00| 0 eng d
020 _a9780312447915
041 _aeng
080 _a37
100 _a46
101 _aEDU
245 _aCHOICES A BASIC WRITING GUIDE WITH READINGS
_cPOSEY,W
942 _2udc
_cBK
999 _c29248
_d29248